Faith for a dark Saturday. (Record no. 3413)

000 -LEADER
fixed length control field 00686nam a2200205 a 4500
001 - CONTROL NUMBER
control field :::00001143$&:&@@
003 - CONTROL NUMBER IDENTIFIER
control field OkBaRHE
005 - DATE AND TIME OF LATEST TRANSACTION
control field 20000607103241.0
008 - FIXED-LENGTH DATA ELEMENTS--GENERAL INFORMATION
fixed length control field s1973 j 000 0 eng u
040 ## - CATALOGING SOURCE
Transcribing agency
100 1# - MAIN ENTRY--PERSONAL NAME
Personal name Baker, James Thomas.
245 10 - TITLE STATEMENT
Title Faith for a dark Saturday.
260 ## - PUBLICATION, DISTRIBUTION, ETC. (IMPRINT)
Place of publication, distribution, etc Valley Forge, PA., :
Name of publisher, distributor, etc Judson Press
Date of publication, distribution, etc c1973
300 ## - PHYSICAL DESCRIPTION
Extent 125 p. ;
Dimensions 22 cm.
650 ## - SUBJECT ADDED ENTRY--TOPICAL TERM
Topical term or geographic name as entry element Bible stories, English
650 ## - SUBJECT ADDED ENTRY--TOPICAL TERM
Topical term or geographic name as entry element Christian Life
General subdivision 1960-
942 ## - ADDED ENTRY ELEMENTS (KOHA)
Source of classification or shelving scheme
Koha item type Books
Copies
Date acquired Damaged status Date last seen Shelving location Lost status Koha item type Full call number Not for loan Copy number Barcode Permanent Location Withdrawn status Price effective from Source of classification or shelving scheme
2010-04-14 2018-02-16General Stacks BooksBS 550.2 .B33 11143RHEMA Bible Training College 2010-04-14 
2010-04-14 2018-02-16General Stacks BooksBS 550.2 .B33 215870RHEMA Bible Training College 2010-04-14